00541nam a2200169Ia 4500008004100000020001800041041000800059082001800067100002200085245002200107250000600129260004100135300001300176650003100189999001900220952013200239210716s2015 xx 000 0 und d a9788126541720 aeng a005.3002 WALJ aWalkenbach, John. aExcel 2013 bible. a1 aNew DelhibWiley India Pvt Ltdc2015 axli,1012 aMicrosoft Windows(005.269) c194633d194633 001040708MCAaAIMITbAIMITeKnowledge Worldg749.00l0o005.3002 WALJpMCA14141r2026-05-23 00:00:00v561.75w2021-07-16yBK